<?xml version="1.0" encoding="UTF-8"?><?xml-stylesheet type="text/xsl" href="static/style.xsl"?><OAI-PMH xmlns="http://www.openarchives.org/OAI/2.0/" xmlns:xsi="http://www.w3.org/2001/XMLSchema-instance" xsi:schemaLocation="http://www.openarchives.org/OAI/2.0/ http://www.openarchives.org/OAI/2.0/OAI-PMH.xsd"><responseDate>2026-04-30T05:10:07Z</responseDate><request verb="GetRecord" identifier="oai:uvadoc.uva.es:10324/24183" metadataPrefix="marc">https://uvadoc.uva.es/oai/request</request><GetRecord><record><header><identifier>oai:uvadoc.uva.es:10324/24183</identifier><datestamp>2021-09-07T08:42:25Z</datestamp><setSpec>com_10324_38</setSpec><setSpec>col_10324_852</setSpec></header><metadata><record xmlns="http://www.loc.gov/MARC21/slim" xmlns:doc="http://www.lyncode.com/xoai" xmlns:xsi="http://www.w3.org/2001/XMLSchema-instance" xmlns:dcterms="http://purl.org/dc/terms/" xsi:schemaLocation="http://www.loc.gov/MARC21/slim http://www.loc.gov/standards/marcxml/schema/MARC21slim.xsd">
<leader>00925njm 22002777a 4500</leader>
<datafield tag="042" ind1=" " ind2=" ">
<subfield code="a">dc</subfield>
</datafield>
<datafield tag="720" ind1=" " ind2=" ">
<subfield code="a">Fraile Gallegos, Cayetana</subfield>
<subfield code="e">author</subfield>
</datafield>
<datafield tag="260" ind1=" " ind2=" ">
<subfield code="c">2017</subfield>
</datafield>
<datafield tag="520" ind1=" " ind2=" ">
<subfield code="a">Los malos hábitos alimenticios están provocando serios problemas de salud en la población española y, para evitarlo, la administración pública ha puesto en marcha diversos programas orientados a crear hábitos alimenticios saludables. Entre ellos se encuentra la Semana Saludable, una campaña anual que se realiza en los centros educativos de Educación Primaria de Castilla y León. En este trabajo se analiza su materialización en tercer y cuarto curso en cuatro centros escolares ubicados en Segovia, con la intención de dotar de una propuesta de mejora a su programación y realización.</subfield>
</datafield>
<datafield tag="024" ind2=" " ind1="8">
<subfield code="a">http://uvadoc.uva.es/handle/10324/24183</subfield>
</datafield>
<datafield ind1=" " ind2=" " tag="653">
<subfield code="a">Niños - Alimentación</subfield>
</datafield>
<datafield ind1=" " ind2=" " tag="653">
<subfield code="a">Educación para la salud</subfield>
</datafield>
<datafield ind1=" " ind2=" " tag="653">
<subfield code="a">Alimentación - Estudio y enseñanza (Primaria)</subfield>
</datafield>
<datafield tag="245" ind1="0" ind2="0">
<subfield code="a">La semana saludable en Segovia: un estudio sobre sus beneficios y límites en tercer y cuarto curso de Primaria y cómo superarlos</subfield>
</datafield>
</record></metadata></record></GetRecord></OAI-PMH>